LEADER 01081nam a2200181 i 4500 001 000000239084 003 CaOOAMICUS 005 20150219000000.0 008 150219s1821 it u000 u ita u 013 $a217989 026 $aa-ma dio- li,a supo (3) 1821 (A) 040 $aSeMil$bita 245 10$aOSA-PET. 300 $a376 p. 773 0 $aBergier, Nicolas-Sylvestre <1718-1790>$tDizionario enciclopedico della teologia, della storia della chiesa, degli autori che hanno scritto intorno alla religione, dei concili, eresie, ordini religiosi ec. Composto già per uso dell'enciclopedia metodica dal celebre sig. can. Bergier, tradotto in italiano, corretto ed accresciuto dal p.d. Clemente Biagi dei Camaldolensi. Tomo 1. [-17.].$bEd in questa nuova edizione aumentato di molti nuovi articoli da vari professori di teologia e di storia ecclesiastica.$dFirenze : Presso Giuseppe di Giov. Pagani, 1820-1822.$g12$w()30573 850 $aSeMil 852 $aSeMil$W1$xVenegono$y1$m3D II 56 FA$j189430$B189430$CSeMilBibl$Z2$F200236 $8I 996 $6245$aOSA-PET$9(OLS)http://semarc/title/340468 LEADER 01026nam a2200205 i 4500 001 000000000839 003 CaOOAMICUS 005 20180830125434.0 008 180830s1967 it u000 u ita u 040 $aSeMil$bita 100 1 $aBagatti, Bellarmino,$c.$0(OLS)http://semarc/name/705 245 14$aGli scavi di Nazaret /$cBellarmino Bagatti. 300 $a2 v. 500 $aFondo Card. C.M. Martini. 650 4$aNazareth.$0(OLS)http://semarc/subject/249 773 0 $aStudium Biblicum Franciscanum SBF $tStudium Biblicum Franciscanum. Collectio maior.$dJerusalem : Franciscan Printing Press, [19--]$w()9940 774 0 $tDalle origini al secolo 12.$dGerusalemme : Tipografia dei PP. Francescani, 1967.$kPubblicazioni dello Studium Biblicum Franciscanum$g1$w()39106 774 0 $tDal secolo 12. ad oggi.$dJerusalem : Franciscan Printing Press, 1984.$kStudium Biblicum Franciscanum. Collectio maior$g2$w()114950 941 1 $a4 996 $6245$aGli scavi di Nazaret$9(OLS)http://semarc/title/1286